000 00724 a2200193 4500
001 066608
003 OSt
005 20211004151935.0
008
082 _a620.50289
_bJ64S
100 1 _aJohnston, Alan B.
245 1 _aSIP: understanding the session initiation protocol
_cby Alan B. Johnston
250 _a3rd ed.
260 _aBoston
_bArtech House
_c2009
300 _a395p.
630 _aComputer Science
690 _aComputer network protocols; Multimedia systems--Computer programs; Instant messaging--Computer programs; Internet telephony--Computer programs; Session Initiation Protocol (Computer network protocol); Multimedia systems; Internet telephony
942 _2ddc
_cBK
999 _c648
_d648